00349 a2200097 4500001001000000005001700010008004100027245010900068100001800177773005600195ART_4649520260410161756.0260409a 10aEl revalúo impositivo de bienes puede tener éxito al reducir el impacto del impuesto de igualación1 aVolman, Mario0 tDoctrina tributariag- Nº 460 (jul. 2018)wREV4296